Elías Nandino : una vida novelada /

Nacido en Cocula en 1900 y fallecido en 1993, el poeta y médico jalisciense Elías Nandino sostuvo una amistad muy cercana con varios de los miembros del grupo de los "Contemporáneos", si bien no participó del surgimiento de este colectivo. Galardonado en 1979 con el Premio Nacional de Poesía Aguasca...

Popoln opis

Shranjeno v:
Bibliografske podrobnosti
Glavni avtor: Aguilar, Enrique (autor)
Format: Knjiga
Jezik:španščina
Izdano: México : Océano, 2000, c2000
Serija:(El Día Siguiente)
Teme:
Oznake: Označite
Brez oznak, prvi označite!

MARC

LEADER 00000nam^a2200000^a^4500
001 000110805
005 20250521000000.0
009 20260310093808.468
020 |a 970-651-385-X 
037 |a Acervo ITESO - Biblioteca 
041 |a ESP 
082 |a 860. 92  |b AGU 
100 |a Aguilar, Enrique  |e (autor) 
245 1 0 |a Elías Nandino :  |b una vida novelada /  |c E. Aguilar. 
264 4 |a México :  |b Océano,  |c 2000, c2000 
300 |a 279 p. 
336 |a texto  |b txt  |2 rdacontenido 
337 |a sin mediación  |b n  |2 rdamedio 
338 |a volumen  |b nc  |2 rdasoporte 
440 3 |a (El Día Siguiente) 
520 |a Nacido en Cocula en 1900 y fallecido en 1993, el poeta y médico jalisciense Elías Nandino sostuvo una amistad muy cercana con varios de los miembros del grupo de los "Contemporáneos", si bien no participó del surgimiento de este colectivo. Galardonado en 1979 con el Premio Nacional de Poesía Aguascalientes y el Premio Nacional de Lingüística y Literatura, Nandino es autor de: Espiral; Eco; Sonetos; Nido de sombras; Conversación con el mar; Triángulo de silencios; Nocturna suma; Nocturna palabra; Nocturno amor; Eternidad del polvo; Cerca de lo lejos; Erotismo al rojo blanco y Ciclos terrenales. Además del reconocimiento a sus propias creaciones y a su ejercicio profesional en la medicina, Nandino fue también animador de varios proyectos culturales que involucraron a varias de las presencias más sobresalientes de la literatura jalisciense de las dos últimas décadas del siglo XX. La obra presente es una biografía de Nandino, no autorizada por él, pues aunque sí hubo entrevistas del autor con el poeta, Nandino consideraba que no había sido fiel a lo que él había expresado. 
649 |a XX 
650 |a Escritores Jaliscienses -  |x Biografías 
650 |a Escritores Mexicanos -  |x Biografías 
650 |a Poesía Jalisciense -  |x Historia y Crítica 
650 |a Poesía Mexicana -  |x Historia y Crítica 
650 |a Literatura Jalisciense -  |y Siglo XX 
650 |a Literatura Mexicana -  |y Siglo XX 
650 |a Literatura Jalisciense -  |x Historia y Crítica 
650 |a Literatura Mexicana -  |x Historia y Crítica 
910 |a Fondo General 
920 |a Impresos - Libros 
930 |a Colección General 
940 |a Literatura 
905 |a 101 
901 |a 0500047473  |b IT1  |c LIT  |u 20250521 
902 |a https://opac.biblio.iteso.mx/vufind/Record/000110805